书目信息 |
| 题名: |
网络科学视角下的推荐系统研究
|
|
| 作者: | 米传民 , 单晓菲 , 彭鹏 , 陈烨天 著 | |
| 分册: | ||
| 出版信息: | 北京 电子工业出版社 2019.11 |
|
| 页数: | XII, 223页 | |
| 开本: | 24cm | |
| 丛书名: | ||
| 单 册: | ||
| 中图分类: | TP393 | |
| 科图分类: | ||
| 主题词: | 计算机网络--ji suan ji wang luo | |
| 电子资源: | ||
| ISBN: | 978-7-121-30577-1 | |
| 000 | 01141nam0 2200301 450 | |
| 001 | 0100016268 | |
| 005 | 20200929160439.0 | |
| 010 | @a978-7-121-30577-1@dCNY69.00 | |
| 100 | @a20200414d2019 em y0chiy50 ea | |
| 101 | 0 | @achi |
| 102 | @aCN@b110000 | |
| 105 | @aak a 000yy | |
| 106 | @ar | |
| 200 | 1 | @a网络科学视角下的推荐系统研究@Awang luo ke xue shi jiao xia de tui jian xi tong yan jiu@f米传民 ... [等] 著 |
| 210 | @a北京@c电子工业出版社@d2019.11 | |
| 215 | @aXII, 223页@c图@d24cm | |
| 304 | @a题名页题其余责任者: 单晓菲, 彭鹏, 陈烨天 | |
| 314 | @a米传民, 南京航空航天大学经济与管理学院副教授、硕士生导师。 | |
| 320 | @a有书目 (第199-223页) | |
| 330 | @a本书在对协同过滤为主的推荐系统、网络科学理论进行系统综述的基础上, 考虑社交网络发展以及用户信任的网络关系特征, 主要运用网络科学的方法, 研究协同过滤为主的推荐系统问题。 | |
| 606 | 0 | @a计算机网络@Aji suan ji wang luo |
| 690 | @aTP393@v5 | |
| 701 | 0 | @a米传民@Ami chuan min@4著 |
| 701 | 0 | @a单晓菲@Ashan xiao fei@4著 |
| 701 | 0 | @a彭鹏@Apeng peng@4著 |
| 701 | 0 | @a陈烨天@Achen ye tian@4著 |
| 801 | 0 | @aCN@c20200414 |
| 905 | @a河南城建学院图书馆@dTP393@f2@eM689 | |
| 网络科学视角下的推荐系统研究/米传民 ... [等] 著.-北京:电子工业出版社,2019.11 |
| XII, 223页:图;24cm |
| ISBN 978-7-121-30577-1:CNY69.00 |
| 本书在对协同过滤为主的推荐系统、网络科学理论进行系统综述的基础上, 考虑社交网络发展以及用户信任的网络关系特征, 主要运用网络科学的方法, 研究协同过滤为主的推荐系统问题。 |
| ● |
| 相关链接 |
|
|
|
正题名:网络科学视角下的推荐系统研究
索取号:TP393/M689
 
预约/预借
| 序号 | 登录号 | 条形码 | 馆藏地/架位号 | 状态 | 备注 |
| 1 | 1493339 | 214933394 | 自科库301/301自科库 116排2列3层/ [索取号:TP393/M689] | 在馆 | |
| 2 | 1493340 | 214933401 | 自科库301/301自科库 116排2列3层/ [索取号:TP393/M689] | 在馆 |